000 00534cam a2200205 4500
001 291261
005 20180122093608.0
008 690320m19699999nyua b 001 0 eng
010 _a 69016698
040 _aDLC
_cDLC
_dDLC
_dOCoLC
041 _aeng
080 _a917.30 jam
082 0 0 _a917.30 jam
100 _a16
101 _ahis
245 1 0 _aThis fabulous century.
_cBy the editors of Time-Life Books.
504 _aIncludes bibliographies.
906 _a7
_bcbc
_corignew
_du
_encip
_f19
_gy-gencatlg
942 _2ddc
_cBK
999 _c40692
_d40692